| 000 | 00475nam a22001817a 4500 | ||
|---|---|---|---|
| 003 | NUST - PNEC | ||
| 005 | 20170116181033.0 | ||
| 008 | 150919b xxu||||| |||| 00| 0 eng d | ||
| 020 | _a0849309026 | ||
| 040 | _cLIBRARY | ||
| 082 | _a621.4025 KAK | ||
| 100 |
_911227 _aKakac, Sadik |
||
| 245 |
_aHeat exchangers : selection, rating, and thermal design _cSadik Kakac |
||
| 250 | _a2nd ed. | ||
| 260 | _cc.2002 | ||
| 650 |
_911230 _aHeat exchangers _xME |
||
| 942 |
_2ddc _cBK |
||
| 999 |
_c67827 _d67827 |
||